Most Guessed Countries A-Z - Statistics

General Stats
  • This quiz has been taken 128 times
  • The average score is 19 of 24
Answer Stats
letter % country % Correct
F 94 France
94%
C 96 Canada
93%
R 96 Russia
93%
U 97 United States
93%
D 79 Denmark
92%
B 94 Brazil
88%
Q 44 Qatar
88%
G 92 Germany
87%
Y 58 Yemen
86%
J 92 Japan
85%
O 55 Oman
85%
Z 53 Zimbabwe
85%
A 94 Australia
82%
M 95 Mexico
77%
I 94 Italy
76%
S 93 Spain
76%
H 63 Hungary
69%
P 87 Portugal
69%
V 72 Vietnam
68%
T 83 Turkey
65%
E 88 Egypt
62%
K 63 Kazakhstan
59%
N 84 Norway
59%
L 62 Libya
41%
No matching quizzes found
Score Distribution
Percent of People with Each Score
Percentile by Number Answered
Your Score History
You have not taken this quiz